No Business Taxation Without Model Representation : Adding Corporate Income and Cash Flow Taxes to GIMF /

The Global Integrated Monetary and Fiscal model (GIMF) is a multi-region, forward-looking, DSGE model developed at the International Monetary Fund for policy analysis and international economic research. This paper documents the incorporation of corporate income, cash-flow and destination based cash...

Ful tanımlama

Detaylı Bibliyografya
Yazar: Carton, Benjamin
Diğer Yazarlar: Corugedo, Emilio Fernandez, Hunt, Benjamin
Materyal Türü: Dergi
Dil:English
Baskı/Yayın Bilgisi: Washington, D.C. : International Monetary Fund, 2017.
Seri Bilgileri:IMF Working Papers; Working Paper ; No. 2017/259
Online Erişim:Full text available on IMF
LEADER 01675cas a2200265 a 4500
001 AALejournalIMF018039
008 230101c9999 xx r poo 0 0eng d
020 |c 5.00 USD 
020 |z 9781484326015 
022 |a 1018-5941 
040 |a BD-DhAAL  |c BD-DhAAL 
100 1 |a Carton, Benjamin. 
245 1 0 |a No Business Taxation Without Model Representation :   |b Adding Corporate Income and Cash Flow Taxes to GIMF /  |c Benjamin Carton, Emilio Fernandez Corugedo, Benjamin Hunt. 
264 1 |a Washington, D.C. :  |b International Monetary Fund,  |c 2017. 
300 |a 1 online resource (61 pages) 
490 1 |a IMF Working Papers 
500 |a <strong>Off-Campus Access:</strong> No User ID or Password Required 
500 |a <strong>On-Campus Access:</strong> No User ID or Password Required 
506 |a Electronic access restricted to authorized BRAC University faculty, staff and students 
520 3 |a The Global Integrated Monetary and Fiscal model (GIMF) is a multi-region, forward-looking, DSGE model developed at the International Monetary Fund for policy analysis and international economic research. This paper documents the incorporation of corporate income, cash-flow and destination based cash-flow taxes into the model. The analysis presented considers the transmission mechanism of these taxes and details how financial frictions interact with each of the taxes. 
538 |a Mode of access: Internet 
700 1 |a Corugedo, Emilio Fernandez. 
700 1 |a Hunt, Benjamin. 
830 0 |a IMF Working Papers; Working Paper ;  |v No. 2017/259 
856 4 0 |z Full text available on IMF  |u http://elibrary.imf.org/view/journals/001/2017/259/001.2017.issue-259-en.xml  |z IMF e-Library